[Event "24th European Women Club Cup 2019"]
[Site "Ulcinj"]
[Date "2019.11.13"]
[Round "4.27"]
[White "Yakovleva, Tatiana"]
[Black "Koljevic, Nikolina"]
[Result "1-0"]
[WhiteElo "1942"]
[BlackElo "1902"]
[Annotator "NA"]
[PlyCount "59"]
[EventDate "2019.11.10"]
[EventType "team-tourn"]
[EventCountry "MNE"]
[SourceTitle "playchess.com"]
[Source "ChessBase"]
[SourceQuality "1"]
[WhiteTeam "Hertzeliya"]
[BlackTeam "MNE Woman Chess"]
[TimeControl "40/5400+30:1800+30"]

1. d4 {[%emt 0:00:00]} Nf6 {[%emt 0:00:00]} 2. c4 {[%emt 0:00:00]} e6 {[%emt 0:00:00]} 3. Nf3 {[%emt 0:00:00]} Bb4+ {[%emt 0:00:16]} 4. Bd2 {[%emt 0:00:47]} Qe7 {[%emt 0:01:34]} 5. Nc3 {[%emt 0:03:41]} d5 {[%emt 0:04:01]} 6. c5 {[%emt 0:03:20]} O-O {[%emt 0:01:48]} 7. e3 {[%emt 0:04:55]} b6 {[%emt 0:02:14]} 8. cxb6 {[%emt 0:03:50]} axb6 {[%emt 0:01:39]} 9. a3 {[%emt 0:00:53]} Bxc3 {[%emt 0:02:04]} 10. Bxc3 {[%emt 0:03:33]} Ne4 {[%emt 0:02:59]} 11. Rc1 {[%emt 0:01:58]} Bb7 {[%emt 0:02:41]} 12. Bd3 {[%emt 0:03:00]} Nxc3 {[%emt 0:00:59]} 13. Rxc3 {[%emt 0:00:26]} Rc8 {[%emt 0:05:03]} 14. O-O {[%emt 0:05:12]} Na6 {[%emt 0:10:31]} 15. Qc2 {[%emt 0:06:34]} f5 {[%emt 0:03:12]} 16. Rc1 {[%emt 0:01:31]} c6 {[%emt 0:10:56]} 17. h3 {[%emt 0:03:50]} Nb8 {[%emt 0:08:30]} 18. Ne5 {[%emt 0:03:40]} Qd6 {[%emt 0:01:10]} 19. f4 {[%emt 0:03:08]} Re8 {[%emt 0:05:31]} 20. g4 {[%emt 0:10:57]} g6 {[%emt 0:03:24]} 21. g5 {[%emt 0:01:25]} Kg7 {[%emt 0:04:29]} 22. Qe2 {[%emt 0:05:45]} Rc8 {[%emt 0:02:45]} 23. Qc2 {[%emt 0:01:24]} Re8 {[%emt 0:01:30]} 24. h4 {[%emt 0:01:35]} Ra7 {[%emt 0:01:14]} 25. Qb3 {[%emt 0:03:37]} b5 {[%emt 0:04:53]} 26. Qd1 {[%emt 0:07:50]} b4 {[%emt 0:03:02]} 27. axb4 {[%emt 0:03:08]} Qxb4 {[%emt 0:00:11]} 28. Rb3 {[%emt 0:00:59]} Qd6 {[%emt 0:00:25]} 29. Ra1 {[%emt 0:00:48]} Rxa1 {[%emt 0:04:44]} 30. Rxb7+ {[%emt 0:00:33]} 1-0

[Event "24th European Women Club Cup 2019"]
[Site "Ulcinj"]
[Date "2019.11.13"]
[Round "4.28"]
[White "Rakic, Tijana"]
[Black "Lian, Marina"]
[Result "0-1"]
[WhiteElo "1680"]
[BlackElo "1855"]
[Annotator "NA"]
[PlyCount "54"]
[EventDate "2019.11.10"]
[EventType "team-tourn"]
[EventCountry "MNE"]
[SourceTitle "playchess.com"]
[Source "ChessBase"]
[SourceQuality "1"]
[WhiteTeam "MNE Woman Chess"]
[BlackTeam "Hertzeliya"]
[TimeControl "40/5400+30:1800+30"]

1. e4 {[%emt 0:00:00]} e6 {[%emt 0:00:00]} 2. d4 {[%emt 0:00:00]} d5 {[%emt 0:00:00]} 3. exd5 {[%emt 0:00:00]} exd5 {[%emt 0:00:00]} 4. Bd3 {[%emt 0:00:00]} c5 {[%emt 0:00:07]} 5. Nf3 {[%emt 0:09:14]} Nc6 {[%emt 0:02:42]} 6. dxc5 {[%emt 0:06:14]} Bxc5 {[%emt 0:00:33]} 7. O-O {[%emt 0:00:17]} Nge7 {[%emt 0:00:50]} 8. h3 {[%emt 0:03:12]} Qb6 {[%emt 0:07:22]} 9. Nc3 {[%emt 0:05:49]} Qd8 {[%emt 0:13:09]} 10. Bf4 {[%emt 0:02:25]} a6 {[%emt 0:01:54]} 11. a3 {[%emt 0:10:30]} O-O {[%emt 0:03:33]} 12. Ng5 {[%emt 0:18:38]} h6 {[%emt 0:09:54]} 13. Qh5 {[%emt 0:04:03]} Nf5 {[%emt 0:08:41]} 14. Bxf5 {[%emt 0:06:05]} Bxf5 {[%emt 0:00:02]} 15. Nf3 {[%emt 0:00:57]} Bxc2 {[%emt 0:06:50]} 16. Qxd5 {[%emt 0:05:05]} Qb6 {[%emt 0:09:37]} 17. Qd2 {[%emt 0:08:12]} Bb3 {[%emt 0:11:24]} 18. Ne4 {[%emt 0:01:28]} Rfd8 {[%emt 0:10:43]} 19. Qc3 {[%emt 0:04:24]} Bd4 {[%emt 0:01:50]} 20. Nxd4 {[%emt 0:00:34]} Nxd4 {[%emt 0:01:11]} 21. Bc7 {[%emt 0:02:31]} Qg6 {[%emt 0:03:04]} 22. Qe3 {[%emt 0:01:56]} Rd7 {[%emt 0:01:20]} 23. Rac1 {[%emt 0:04:01]} Bc2 {[%emt 0:03:37]} 24. Nc5 {[%emt 0:03:21]} Rxc7 {[%emt 0:00:18]} 25. Qxd4 {[%emt 0:00:11]} Rac8 {[%emt 0:00:44]} 26. Nd7 {[%emt 0:00:34]} Be4 {[%emt 0:00:16]} 27. Rxc7 {[%emt 0:00:23]} Qxg2# {[%emt 0:00:02]} 0-1

[Event "24th European Women Club Cup 2019"]
[Site "Ulcinj"]
[Date "2019.11.14"]
[Round "5.1"]
[White "Koneru, Humpy"]
[Black "Dzagnidze, Nana"]
[Result "1-0"]
[WhiteElo "2577"]
[BlackElo "2502"]
[Annotator "ChessBase"]
[PlyCount "87"]
[EventDate "2019.11.10"]
[EventType "team-tourn"]
[EventCountry "MNE"]
[SourceTitle "playchess.com"]
[Source "ChessBase"]
[SourceQuality "1"]
[WhiteTeam "Cercle d`Echecs"]
[BlackTeam "Nona"]
[TimeControl "40/5400+30:1800+30"]

1. d4 {[%emt 0:00:00]} d5 {[%emt 0:00:00]} 2. c4 {[%emt 0:00:00]} e6 {[%emt 0:00:00]} 3. Nc3 {[%emt 0:00:05]} c6 {[%emt 0:00:00]} 4. e4 {[%emt 0:00:47]} dxe4 {[%emt 0:00:00]} 5. Nxe4 {[%emt 0:00:06]} Bb4+ {[%emt 0:00:18]} 6. Nc3 {[%emt 0:00:21]} c5 {[%emt 0:03:17]} 7. a3 {[%emt 0:05:16]} Bxc3+ {[%emt 0:00:28]} 8. bxc3 {[%emt 0:00:05]} Nf6 {[%emt 0:00:59]} 9. Nf3 {[%emt 0:00:38]} O-O {[%emt 0:06:58]} 10. Bd3 {[%emt 0:03:38]} Nbd7 {[%emt 0:14:09]} 11. O-O {[%emt 0:04:10]} b6 {[%emt 0:02:07]} 12. Ne5 {[%emt 0:12:52]} Bb7 {[%emt 0:00:13]} 13. Bg5 {[%emt 0:04:41]} cxd4 {[%emt 0:15:34]} 14. cxd4 {[%emt 0:20:21]} Qc7 {[%emt 0:05:17]} 15. Re1 {[%emt 0:03:11]} Nxe5 {[%emt 0:02:03]} 16. Rxe5 {[%emt 0:00:30]} Rfd8 {[%emt 0:09:58]} 17. Re3 {[%emt 0:06:11]} b5 {[%emt 0:14:13]} 18. Bxf6 {[%emt 0:19:10]} gxf6 {[%emt 0:00:11]} 19. Qh5 {[%emt 0:01:31]} Kf8 {[%emt 0:00:10]} 20. Qxh7 {[%emt 0:02:40]} Rac8 {[%emt 0:00:38]} 21. d5 {[%emt 0:05:04]} e5 {[%emt 0:00:26]} 22. Bf5 {[%emt 0:01:41]} bxc4 {[%emt 0:00:09]} 23. Bxc8 {[%emt 0:00:39]} Rxc8 {[%emt 0:00:18]} 24. Rd1 {[%emt 0:01:12]} Qd6 {[%emt 0:00:11]} 25. Rg3 {[%emt 0:01:02]} Ke7 {[%emt 0:00:11]} 26. Rg7 {[%emt 0:01:11]} Rf8 {[%emt 0:00:03]} 27. Qe4 {[%emt 0:00:46]} c3 {[%emt 0:00:36]} 28. Qc2 {[%emt 0:01:20]} Qxa3 {[%emt 0:02:49]} 29. d6+ {[%emt 0:00:19]} Ke6 {[%emt 0:00:01]} 30. Rg3 {[%emt 0:00:50]} Qb2 {[%emt 0:07:56]} 31. Rxc3 {[%emt 0:00:16]} Qxc2 {[%emt 0:00:07]} 32. Rxc2 {[%emt 0:00:04]} Bc8 {[%emt 0:05:43]} 33. Rc7 {[%emt 0:00:27]} Bd7 {[%emt 0:00:02]} 34. Rxa7 {[%emt 0:00:13]} f5 {[%emt 0:00:02]} 35. f3 {[%emt 0:01:17]} f4 {[%emt 0:00:06]} 36. Kf2 {[%emt 0:01:22]} Rb8 {[%emt 0:00:15]} 37. h4 {[%emt 0:01:25]} f5 {[%emt 0:02:49]} 38. Re1 {[%emt 0:00:41]} Rh8 {[%emt 0:02:44]} 39. Ra5 {[%emt 0:00:25]} Rxh4 {[%emt 0:00:09]} 40. Rexe5+ {[%emt 0:00:00]} Kxd6 {[%emt 0:00:00]} 41. Rad5+ {[%emt 0:00:56]} Kc6 {[%emt 0:00:07]} 42. Rd4 {[%emt 0:01:42]} Rh7 {[%emt 0:00:47]} 43. Rxf4 {[%emt 0:02:35]} Rf7 {[%emt 0:00:06]} 44. Rd4 {[%emt 0:00:39] Kd5} 1-0

[Event "24th European Women Club Cup 2019"]
[Site "Ulcinj"]
[Date "2019.11.14"]
[Round "5.2"]
[White "Javakhishvili, Lela"]
[Black "Cramling, Pia"]
[Result "1-0"]
[WhiteElo "2457"]
[BlackElo "2443"]
[Annotator "TA"]
[PlyCount "95"]
[EventDate "2019.11.10"]
[EventType "team-tourn"]
[EventCountry "MNE"]
[SourceTitle "playchess.com"]
[Source "ChessBase"]
[SourceQuality "1"]
[WhiteTeam "Nona"]
[BlackTeam "Cercle d`Echecs"]

{[%evp 15,95,10,16,14,16,10,16,14,31,29,25,31,29,25,19,20,28,22,16,0,29,9,0,-4,-4,-21,54,38,67,85,84,62,78,72,80,70,187,134,206,197,206,201,195,184,198,187,237,237,253,248,241,239,312,291,448,448,405,394,404,412,481,473,693,685,676,676,829,821,690,662,641,660,633,639,618,614,615,613,679,681,1536,5159]} 1. d4 Nf6 2. c4 e6 3. Nf3 d5 4. Nc3 Nbd7 5. cxd5 exd5 6. Bg5 c6 7. Qc2 Be7 8. e3 Nh5 9. Bxe7 {D36: Queen's Gambit Declined: Exchange Variation: Main line (5 Bg5 c6 6 Qc2)} Qxe7 10. h3 Nb6 11. Ne5 {The position is equal.} f6 12. Nd3 {[#] Threatens to win with g4.} g6 13. g4 Ng7 14. O-O-O Be6 {[#]} 15. Kb1 $146 ({Predecessor:} 15. Re1 O-O-O 16. Na4 Nxa4 17. Qxa4 {½-½ (27) Topalov,V (2702)-Sokolov,I (2637) Sarajevo 2000}) 15... Bf7 16. h4 Ne6 17. Bh3 Nc4 18. Rhe1 O-O-O 19. f4 Kb8 20. Qf2 Qc7 (20... Nd6 $11) 21. f5 $14 Ng7 22. e4 dxe4 23. Nxe4 gxf5 24. gxf5 Ne8 25. Nf4 Ned6 ({Black should try} 25... Nb6 $14) 26. Nc5 (26. Nxf6 $18 Nb6 27. Ne6 Bxe6 28. fxe6 (28. Rxe6 Rhf8 $16)) 26... Rde8 (26... Qa5 $16 {was called for.}) 27. Nfe6 $18 Bxe6 28. fxe6 Nb6 29. Nd7+ Nxd7 30. exd7 Rd8 31. Qxf6 Rhf8 32. Qh6 Rf2 33. Rd2 ({Avoid the trap} 33. Qxh7 $2 {[#]} Qb6 $1 $19 {[%mdl 512]}) 33... Nf7 34. Qe3 Rf6 (34... Rxd2 $142 35. Qxd2 Qg3) 35. Rf2 Rxf2 36. Qxf2 {Re8 is the strong threat.} Nd6 37. Qf6 b5 38. Re7 {White is clearly winning.} h5 (38... Kb7 $142 39. b3 (39. Rxh7 Qa5 $16) 39... b4) 39. Qe6 Nb7 40. Re8 a6 41. Qe5 c5 42. dxc5 Qxe5 43. Rxe5 {KRB-KRN} Kc7 44. Rxh5 Rf8 45. Rf5 Rg8 46. Rg5 Rf8 47. h5 Rf3 48. Bg2 {Accuracy: White = 75%, Black = 52%.} 1-0

[Event "24th European Women Club Cup 2019"]
[Site "Ulcinj"]
[Date "2019.11.14"]
[Round "5.3"]
[White "Socko, Monika"]
[Black "Batsiashvili, Nino"]
[Result "0-1"]
[WhiteElo "2417"]
[BlackElo "2422"]
[Annotator "NA"]
[PlyCount "66"]
[EventDate "2019.11.10"]
[EventType "team-tourn"]
[EventCountry "MNE"]
[SourceTitle "playchess.com"]
[Source "ChessBase"]
[SourceQuality "1"]
[WhiteTeam "Cercle d`Echecs"]
[BlackTeam "Nona"]
[TimeControl "40/5400+30:1800+30"]

1. d4 {[%emt 0:00:00]} Nf6 {[%emt 0:00:00]} 2. c4 {[%emt 0:00:00]} e6 {[%emt 0:00:00]} 3. Nf3 {[%emt 0:00:00]} b6 {[%emt 0:00:00]} 4. Bf4 {[%emt 0:00:00]} Bb7 $11 {[%emt 0:00:00]} 5. e3 {[%emt 0:00:17]} Bb4+ {[%emt 0:00:00]} 6. Nbd2 {[%emt 0:00:35]} O-O {[%emt 0:01:45]} 7. h3 {[%emt 0:01:25]} d5 {[%emt 0:01:12]} 8. Rc1 {[%emt 0:04:20]} c5 {[%emt 0:04:59]} 9. a3 {[%emt 0:03:43]} Bxd2+ {[%emt 0:06:30]} 10. Qxd2 {[%emt 0:00:38]} cxd4 {[%emt 0:00:14]} 11. Qxd4 {[%emt 0:05:04]} Nc6 {[%emt 0:00:16]} 12. Qd1 {[%emt 0:00:38]} Qe7 {[%emt 0:04:40]} 13. Be2 {[%emt 0:11:08]} Rfd8 {[%emt 0:02:17]} 14. Qa4 {[%emt 0:05:38]} e5 {[%emt 0:10:44]} 15. cxd5 {[%emt 0:01:14]} Rxd5 {[%emt 0:00:23]} 16. Bg3 {[%emt 0:15:40]} e4 {[%emt 0:06:36]} 17. Nd4 {[%emt 0:02:32]} Nxd4 {[%emt 0:00:50]} 18. exd4 {[%emt 0:00:03]} e3 {[%emt 0:06:49]} 19. O-O {[%emt 0:01:01]} Rg5 {[%emt 0:00:23]} 20. Qb3 {[%emt 0:15:05]} Re8 {[%emt 0:14:52]} 21. Kh2 {[%emt 0:09:53]} h5 {[%emt 0:03:07]} 22. h4 {[%emt 0:02:53]} Bd5 {[%emt 0:07:22]} 23. Qd3 {[%emt 0:06:53]} Ng4+ {[%emt 0:02:09]} 24. Bxg4 {[%emt 0:00:41]} Rxg4 {[%emt 0:00:02]} 25. f3 {[%emt 0:02:45]} Rxg3 {[%emt 0:03:43]} 26. Kxg3 {[%emt 0:00:03]} Qd6+ {[%emt 0:00:07]} 27. f4 {[%emt 0:03:09]} e2 {[%emt 0:06:45]} 28. Rg1 {[%emt 0:00:59]} Re4 {[%emt 0:00:42]} 29. Qd2 {[%emt 0:01:30]} g5 {[%emt 0:02:42]} 30. hxg5 {[%emt 0:02:14]} h4+ {[%emt 0:02:20]} 31. Kg4 {[%emt 0:00:57]} Be6+ {[%emt 0:00:45]} 32. Kxh4 {[%emt 0:02:22]} Rxf4+ {[%emt 0:00:08]} 33. g4 {[%emt 0:00:08]} Rxg4+ {[%emt 0:00:29]} 0-1

[Event "24th European Women Club Cup 2019"]
[Site "Ulcinj"]
[Date "2019.11.14"]
[Round "5.4"]
[White "Khotenashvili, Bela"]
[Black "Daulyte-Cornette, Deimante"]
[Result "1-0"]
[WhiteElo "2446"]
[BlackElo "2405"]
[Annotator "NA"]
[PlyCount "93"]
[EventDate "2019.11.10"]
[EventType "team-tourn"]
[EventCountry "MNE"]
[SourceTitle "playchess.com"]
[Source "ChessBase"]
[SourceQuality "1"]
[WhiteTeam "Nona"]
[BlackTeam "Cercle d`Echecs"]
[TimeControl "40/5400+30:1800+30"]

1. d4 {[%emt 0:00:00]} Nf6 {[%emt 0:00:00]} 2. c4 {[%emt 0:00:00]} e6 {[%emt 0:00:00]} 3. Nf3 {[%emt 0:00:00]} b6 {[%emt 0:00:15]} 4. g3 {[%emt 0:00:13]} Bb4+ {[%emt 0:01:10]} 5. Bd2 {[%emt 0:00:16]} Bxd2+ {[%emt 0:00:25]} 6. Qxd2 {[%emt 0:00:06]} Ba6 {[%emt 0:00:30]} 7. b3 {[%emt 0:00:11]} O-O {[%emt 0:00:50]} 8. Nc3 {[%emt 0:01:52]} d5 {[%emt 0:00:44]} 9. cxd5 {[%emt 0:00:21]} exd5 {[%emt 0:00:22]} 10. Bg2 {[%emt 0:00:06]} c5 {[%emt 0:01:27]} 11. Ne5 {[%emt 0:00:29]} Bb7 {[%emt 0:47:03]} 12. O-O {[%emt 0:00:58]} Na6 {[%emt 0:03:09]} 13. Rfd1 {[%emt 0:08:08]} Nc7 {[%emt 0:04:00]} 14. dxc5 {[%emt 0:06:27]} bxc5 {[%emt 0:00:12]} 15. Rac1 {[%emt 0:00:56]} Qe7 {[%emt 0:01:04]} 16. Nd3 {[%emt 0:06:26]} Ne6 {[%emt 0:01:50]} 17. Nf4 {[%emt 0:20:34]} Nxf4 {[%emt 0:10:16]} 18. Qxf4 {[%emt 0:00:13]} Rfd8 {[%emt 0:00:11]} 19. Rc2 {[%emt 0:04:01]} Rac8 {[%emt 0:02:37]} 20. Rdc1 {[%emt 0:12:11]} Bc6 {[%emt 0:05:35]} 21. Nd1 {[%emt 0:03:26]} Bb5 {[%emt 0:02:59]} 22. Ne3 {[%emt 0:09:33]} d4 {[%emt 0:10:16]} 23. Nf5 {[%emt 0:00:24]} Qf8 {[%emt 0:00:07]} 24. b4 {[%emt 0:02:22]} Nd5 {[%emt 0:05:30]} 25. Bxd5 {[%emt 0:01:31]} Rxd5 {[%emt 0:00:06]} 26. Rxc5 {[%emt 0:00:32]} Rdxc5 {[%emt 0:00:46]} 27. Rxc5 {[%emt 0:00:21]} Rxc5 {[%emt 0:00:42]} 28. bxc5 {[%emt 0:00:02]} Bxe2 {[%emt 0:00:21]} 29. c6 {[%emt 0:04:12]} Qb4 {[%emt 0:01:05]} 30. h4 {[%emt 0:00:40]} Ba6 {[%emt 0:00:57]} 31. Qe5 {[%emt 0:02:11]} Qf8 {[%emt 0:00:18]} 32. Qxd4 {[%emt 0:02:24]} g6 {[%emt 0:00:29]} 33. Qxa7 {[%emt 0:01:15]} gxf5 {[%emt 0:00:30]} 34. Qxa6 {[%emt 0:00:10]} Qd6 {[%emt 0:00:37]} 35. Qc4 {[%emt 0:01:15]} Qc7 {[%emt 0:00:25]} 36. Qd5 {[%emt 0:01:00]} f4 {[%emt 0:00:27]} 37. Qd7 {[%emt 0:00:20]} Qa5 {[%emt 0:00:41]} 38. Qg4+ {[%emt 0:02:56]} Kf8 {[%emt 0:00:04]} 39. Qxf4 {[%emt 0:00:04]} Qxa2 {[%emt 0:00:14]} 40. Qb8+ {[%emt 0:00:00]} Kg7 {[%emt 0:00:00]} 41. Qe5+ {[%emt 0:01:34]} f6 {[%emt 0:00:34]} 42. Qe7+ {[%emt 0:00:19]} Kg6 {[%emt 0:00:10]} 43. c7 {[%emt 0:00:12]} Qb1+ {[%emt 0:01:16]} 44. Kg2 {[%emt 0:01:05]} Qb7+ {[%emt 0:00:14]} 45. Kh2 {[%emt 0:00:24]} Qc6 {[%emt 0:09:49]} 46. h5+ {[%emt 0:01:10]} Kf5 {[%emt 0:02:33]} 47. Qd8 {[%emt 0:00:21]} 1-0

[Event "24th European Women Club Cup 2019"]
[Site "Ulcinj"]
[Date "2019.11.14"]
[Round "5.5"]
[White "Shuvalova, Polina"]
[Black "Muzychuk, Mariya"]
[Result "1-0"]
[WhiteElo "2434"]
[BlackElo "2552"]
[Annotator "TA"]
[PlyCount "119"]
[EventDate "2019.11.10"]
[EventType "team-tourn"]
[EventCountry "MNE"]
[SourceTitle "playchess.com"]
[Source "ChessBase"]
[SourceQuality "1"]
[WhiteTeam "Novy Bor"]
[BlackTeam "Kyiv"]

{[%evp 14,119,9,9,9,4,12,0,0,0,7,0,13,0,0,0,0,0,0,0,0,-17,-11,-13,0,-89,-88,-101,-89,-119,-58,-38,-45,-66,91,86,94,94,97,94,126,125,112,91,137,145,249,255,260,263,260,253,258,240,236,192,207,188,192,192,171,143,185,140,142,109,126,111,113,107,170,113,137,130,182,108,182,175,172,111,109,109,111,113,161,135,180,100,389,358,342,297,29978,29979,29979,29980,29980,29980,29981,29982,29982,29983,29983,29984,29984,29985,29984,29985]} 1. e4 e5 2. Nf3 Nc6 3. Bc4 Bc5 4. c3 Nf6 5. d3 d6 6. O-O O-O 7. h3 h6 8. Re1 a5 {C54: Giuoco Piano: 4 c3 Nf6, main lines with 5 d4 and 5 d3} 9. a4 (9. Nbd2 Be6 10. Bb5 Qb8 11. Nf1 Qa7 12. d4 exd4 13. Bxc6 dxc3 14. Ba4 Bxf2+ 15. Kh2 Bxe1 16. Qxe1 {½-½ (60) Alekseenko,K (2671)-Ding,L (2811) Khanty-Mansiysk 2019}) 9... Be6 10. Nbd2 Qd7 {The position is equal.} 11. Bxe6 fxe6 12. Nc4 $146 ({Predecessor:} 12. Nf1 Nh5 13. Be3 Nf4 14. N1h2 Rad8 15. g3 Bxe3 16. Rxe3 {0-1 (35) Beukes,D (2155)-Vrolijk,L (2437) Porto Carras 2018}) 12... Nh5 13. Be3 Bxe3 14. Rxe3 Nf4 15. Kh2 Rf6 16. g3 Ng6 17. Kg2 Raf8 18. Ncd2 d5 19. exd5 (19. Re1 $11) 19... exd5 $17 20. Qb3 Qf7 $1 21. Rf1 Nce7 (21... Nge7 $1 $17 22. Qd1 d4) 22. Qd1 $15 Nf5 23. Ree1 Nfh4+ $2 (23... Nd6 $15 {keeps the upper hand.} 24. Qe2 Rf5) 24. Nxh4 $16 Rxf2+ 25. Kh1 $1 {Qg4 is the strong threat.} Nxh4 26. gxh4 (26. Rxf2 Qxf2 27. gxh4 Qg3 $11) 26... Qg6 {[%csl Gf2][%cal Rg6g2]} 27. Rxf2 $1 Rxf2 {[%csl Gf2][%cal Rg6g2]} 28. Rg1 Qf5 {[%cal Rf5h3]} 29. Rg3 e4 (29... Qf4 $16 {was necessary.} 30. Rg2 Qxh4) 30. dxe4 $18 dxe4 {[#]} 31. Qe1 $1 Qf4 32. Rg2 e3 33. Rxf2 exf2 34. Qe8+ Kh7 35. Nf1 Qxh4 36. Kg2 c6 37. Qf7 Qe4+ 38. Qf3 Qxa4 39. Qxf2 Qe4+ 40. Kh2 b5 41. Ng3 Qc4 (41... Qg6 $16 42. h4 c5) 42. Qe2 ({White should try} 42. Qf5+ $18 Kh8 43. Qe5) 42... Qb3 43. Nf5 a4 (43... Qf7 $16) 44. Nd4 (44. Ne7 $18) 44... Qa2 (44... Qd5 $16 45. Qe6 Qg5) 45. Kg3 ({And not} 45. Nxc6 a3 $11) 45... Qd5 46. Qe6 (46. Ne6 $18) 46... Qg5+ $16 47. Kf3 {Strongly threatening Qe4+.} Qc1 48. Qe2 {Black must now prevent Qc2+.} ({Don't play} 48. Nxc6 $6 Qxb2 49. Qe5 (49. Qf5+ Kh8 $11) 49... Qd2 $11) 48... Qh1+ 49. Qg2 Qd1+ 50. Kf4 (50. Ke3 $18) 50... Qc1+ $2 {[%mdl 8192]} (50... b4 $16 {might work better.}) 51. Ke5 a3 52. bxa3 Qxc3 $2 {[#]} (52... Qxa3 $18 53. Qxc6 b4 54. Qe4+ Kh8 55. cxb4 Qxb4) 53. Qc2+ $1 {White mates.} Qxc2 54. Nxc2 {[%mdl 4096] Endgame KN-KP} c5 55. Kd5 c4 56. Kc5 g5 57. Kxb5 c3 58. Kc4 h5 59. Kxc3 g4 60. hxg4 {Accuracy: White = 68%, Black = 57%.} 1-0

[Event "24th European Women Club Cup 2019"]
[Site "Ulcinj"]
[Date "2019.11.14"]
[Round "5.6"]
[White "Muzychuk, Anna"]
[Black "Bulmaga, Irina"]
[Result "1-0"]
[WhiteElo "2543"]
[BlackElo "2435"]
[Annotator "TA"]
[PlyCount "159"]
[EventDate "2019.11.10"]
[EventType "team-tourn"]
[EventCountry "MNE"]
[SourceTitle "playchess.com"]
[Source "ChessBase"]
[SourceQuality "1"]
[WhiteTeam "Kyiv"]
[BlackTeam "Novy Bor"]

{[%evp 18,159,18,12,17,16,12,10,19,20,24,21,16,22,32,17,37,16,21,35,29,37,33,33,42,35,31,39,151,34,40,29,54,29,34,47,179,185,167,160,165,48,40,39,53,49,66,0,8,12,71,77,71,0,0,0,24,6,38,14,18,33,110,105,112,118,217,198,336,335,329,315,345,241,214,204,189,183,157,0,197,202,200,226,439,364,497,497,470,467,446,376,658,658,640,619,758,811,1223,1030,1262,1162,1254,1210,2066,1460,1633,1520,1460,0,1293,1241,999,881,1244,1137,1213,1120,1104,1016,1070,972,1784,1716,2081,1991,12838,12838,12842,12839,12838,12839,2324,2566,6510,3149,12844,12844,12845,12840,12842,12843,12843,12840]} 1. e4 e5 2. Nf3 Nc6 3. Bb5 a6 4. Ba4 Nf6 5. O-O Be7 6. d3 b5 7. Bb3 O-O 8. a4 b4 9. a5 d6 10. Nbd2 Be6 {C84: Closed Ruy Lopez: Unusual White 6th moves} 11. Bxe6 fxe6 12. c3 bxc3 {The position is equal.} 13. bxc3 {[#]} Rb8 $146 ({Predecessor:} 13... d5 14. Qa4 Qd7 15. Ba3 Bd6 16. Bxd6 Qxd6 17. Qa3 Qxa3 18. Rxa3 {½-½ (93) Leko,P (2707)-Lagno,K (2523) Berlin 2015}) 14. Qe2 Rb5 15. Nc4 Qe8 16. Re1 Nh5 17. d4 exd4 18. Nxd4 Nxd4 19. cxd4 Bg5 20. g3 Bxc1 21. Raxc1 Qg6 22. Kh1 Rg5 (22... Rb4 $14) 23. Rg1 (23. e5 $16) 23... Nf6 $14 24. f3 {And now e5 would win.} Nh5 25. Rcf1 Qh6 {White must now prevent ...Nxg3+.} 26. Qe3 e5 ({Black should try} 26... Rb5 $14) 27. dxe5 $18 dxe5 28. Rg2 Qg6 29. g4 (29. Qc1 $18) 29... Nf4 $14 30. h4 Qe6 31. hxg5 Nxg2 32. Qc5 (32. Kxg2 $14 Qxc4 33. Qd2) 32... Nf4 $11 {next ...Nd3 is good for Black.} 33. Nxe5 Nh3 (33... h5 $11 {keeps the balance.}) 34. Kg2 Nxg5 35. Qc4 (35. Qd5 $1 $16) 35... Qxc4 36. Nxc4 {[%mdl 4096] Endgame KRN-KRN} Rd8 37. Rc1 Ne6 38. Ne5 Rd2+ 39. Kf1 Rd6 (39... g5 $14) 40. Kf2 $16 g5 41. Ke3 Kg7 (41... Kf8 $16 42. Nd3 Ke8) 42. Nd3 $18 Kf7 {[#]} (42... Kf8 {was necessary.} 43. f4 gxf4+ 44. Nxf4 Nxf4) 43. f4 $1 gxf4+ 44. Nxf4 Rd7 45. Rc6 Nd4 46. Rxa6 Nc2+ 47. Kf3 Nd4+ 48. Ke3 Nc2+ {[#]} 49. Kf2 $1 Nb4 50. Rh6 Ke8 $2 (50... Kg8 51. Rf6 Rd2+ 52. Ke3 Ra2) 51. Kf3 Kd8 52. Ne6+ Kc8 53. Nc5 Rf7+ 54. Ke3 Rg7 $2 (54... Kb8 55. e5 Rg7) 55. Rf6 {[%cal Rf6f8]} Kb8 56. Kf4 Ka7 57. g5 Re7 58. e5 Nd5+ 59. Ke4 Nc3+ 60. Kf5 Ne2 61. e6 Nd4+ 62. Ke4 Nb5 63. Kf5 $2 (63. Ke5 $18 Nd6 64. Rf8) 63... Rg7 $2 {[%mdl 8192]} (63... Nd4+ $11 64. Ke5 Nc6+ 65. Kd5 Nd8) 64. Ne4 {White is clearly winning.} Nd4+ 65. Kf4 Nc6 66. Nc5 Nd4 67. Ke4 Nb5 68. Kf5 Nd4+ 69. Kf4 Ne2+ 70. Kg4 Nd4 71. Kh5 Kb8 72. Kh6 Re7 73. Rf8+ Ka7 74. Rf7 Re8 75. Rxc7+ Kb8 76. Rxh7 Nf5+ 77. Kg6 Nd6 78. a6 Ka8 79. Rd7 Rg8+ 80. Kf6 {Accuracy: White = 71%, Black = 34%.} 1-0